World Cup 2026 Qualified Teams - Statistics

General Stats
  • This quiz has been taken 52 times
  • The average score is 7 of 8
Answer Stats
Hint Answer % Correct
CONCACAF (Co-Host Canada
98%
CONCACAF (Co-Host Mexico
98%
CONCACAF (Co-Host USA
96%
CONMEBOL Argentina
88%
AFC Japan
88%
OFC New Zealand
88%
AFC Iran
67%
AFC Australia
65%
No matching quizzes found
Score Distribution
Percent of People with Each Score
Percentile by Number Answered
Your Score History
You have not taken this quiz